Philosophie morale

Saved in:
Bibliografiske detaljer
Hovedforfatter: Weil, Eric (Author)
Format: Bog
Sprog:fransk
Udgivet: París J. Vrin 1969
Udgivelse:2a. ed
Fag:
Tags: Tilføj Tag
Ingen Tags, Vær først til at tagge denne postø!

MARC

LEADER 00000nam a2200000 a 4500
001 UCZ4757
003 CL-VaPUC
008 951110e19690000FR |||||||||||||||||fre|d
082 0 4 |a 170  |b WEI  |2 21 
100 0 |a Weil, Eric  |e author  |9 348756 
245 1 0 |a Philosophie morale 
250 |a 2a. ed 
300 |a 222 p 
942 |c BK 
945 |d 19951110 00:00:00  |a lriquelm 
260 |a París  |b J. Vrin  |c 1969 
650 0 |a Ética  |9 255099 
650 0 |a Conceptos morales   |9 310606 
650 0 |a Comportamiento moral  |9 334569 
650 7 |a DESARROLLO MORAL  |2 CL-VaPUC  |9 310605 
650 0 |a Naturaleza humana   |9 308593 
650 7 |a ORDEN MORAL  |2 CL-VaPUC  |9 334570 
583 |a last modification  |c 19951110 00:00:00  |k Rodrigo Vera 
999 |c 241123  |d 241121 
952 |0 0  |1 0  |4 0  |6 170_000000000000000_WEI_1969  |7 0  |8 P  |9 253289  |a BIBEDU  |b BIBEDU  |c BIBEDU_PB  |d 2019-11-19  |i 1599291  |o 170 WEI 1969  |p 1599291  |r 2024-01-25  |w 2019-11-19  |y BK  |k FIL